00581nam a2200181Ia 4500008004100000020002200041041000800063082001500071100002400086260002700110245003900137250000600176300000800182650002300190650002600213999001700239952014300256220805s9999 xx 000 0 und d a978-0-7134-8903-0 aeng a646.400952 aDobson,Jenni989455 aLondonbBatsfordc2004 aMaking Kimono and Japanese Clothes a1 a128 aDressmaking989456 aJapanese cloth989457 c49192d49192 001040708FNaMNVTbMNVTd2022-08-09eDonatedg3200.00o646.400952/DOB/DB1864pMNVT-DB-1864r2022-08-09 00:00:00w2022-08-09yDBzDB1864